[Event "Orlova op 7th"]
[Site "Orlova"]
[Date "2010.05.22"]
[Round "1"]
[White "Frei, Mateusz"]
[Black "Szotkowski, Jakub"]
[Result "0-1"]
[WhiteElo "1000"]
[BlackElo "1751"]
[PlyCount "43"]
[EventDate "2010.05.22"]
[EventType "swiss"]
[EventRounds "7"]
[EventCountry "CZE"]
[SourceTitle "EXT 2012"]
[Source "ChessBase"]
[SourceDate "2011.11.24"]
[SourceVersion "1"]
[SourceVersionDate "2011.11.24"]
[SourceQuality "1"]

1. e4 c5 2. Nf3 Nc6 3. Bc4 d6 4. Nc3 g6 5. Ng5 Ne5 6. Bd5 e6 7. Nxf7 Nxf7 8. Bb3 Bg7 9. Qf3 Nf6 10. d3 0-0 11. Bg5 Nxg5 12. Qf4 Nfxe4 13. Qe3 Nxc3 14. bxc3 Bxc3+ 15. Ke2 Bxa1 16. Rxa1 Qf6 17. Re1 b5 18. Kf1 a5 19. a4 b4 20. Qg3 Bd7 21. f3 d5 22. Qd6 0-1